01280cam a22002651 4500001001300000003000400013005001700017008004100034010001700075040002100092043001200113050001700125082001100142110006100153245009600214260004800310300007500358490008100433500015500514504003100669651005800700710013500758830004500893830007600938sd 57000010 DLC20260227112736.0770412s1957 dcuab b f000 0 eng  asd 57000010  aDLCcWMaUCSdDLC an-us---00aJX1417b.A5500a327.731 aUnited States.bDepartment of State.bHistorical Office.10aAmerican foreign policy. 1950-1955;bbasic documents. [Prepared in the Historical Division. aWashington,bU.S. Govt. Print. Off.,c1957] a2 v. (lix, 3244, xxv p.)billus., maps (part fold., part col.)c24 cm.0 aDepartment of State publication;v6446.aGeneral foreign policy series,v117 aSuccessor to A decade of American foreign policy ; basic documents, 1941-49, by the U.S. Senate Committee on Foreign Relations and the Dept. of State. aBibliographical footnotes. 0aUnited StatesxForeign relationsy1945-1989xSources.1 aUnited States.bCongress.bSenate.bCommittee on Foreign Relations.tDecade of American foreign policy ; basic documents, 1941-49. 0aDepartment of State publication ;v6446. 0aDepartment of State publication.pGeneral foreign policy series ;v117.